000 00760nam a2200169Ia 4500
008 090711s9999 xx 000 0 und d
082 _b78877
100 _aदेवधर विजय
245 _aहेरांSया अजब जगात / करामत हुशार कुत्र्याSाी
260 _bशब्दाली प्रकाशन
_c1994
300 _a64+72
600 _aदेवधर विजय
630 _aहेरांSया अजब जगात / करामत हुशार कुत्र्याSाी
700 _aदेवधर विजय
730 _aहेरांSया अजब जगात / करामत हुशार कुत्र्याSाी
942 _cBOOK
999 _c321362
_d321362